The Auerbach annual: best computer paper (Record no. 340475)

000 -LEADER
fixed length control field 00344cam a22001097a 4500
008 - FIXED-LENGTH DATA ELEMENTS--GENERAL INFORMATION
fixed length control field 180718b1974 xxu||||| |||| 00| 0 eng d
082 ## - DEWEY DECIMAL CLASSIFICATION NUMBER
Classification number R I5372064 Au34
245 ## - TITLE STATEMENT
Title The Auerbach annual: best computer paper
Statement of responsibility, etc. ed. by Isaac L. Auerbach
260 ## - PUBLICATION, DISTRIBUTION, ETC.
Place of publication, distribution, etc. New York
Name of publisher, distributor, etc. Perroceli books
Date of publication, distribution, etc. 1974
650 ## - SUBJECT ADDED ENTRY--TOPICAL TERM
Topical term or geographic name entry element Computers - Yearbook
700 ## - ADDED ENTRY--PERSONAL NAME
Personal name Auerbach, Isaac L.
Holdings
Withdrawn status Lost status Damaged status Not for loan Permanent Location Current Location Date acquired Full call number Barcode Date last seen Price effective from Koha item type
        Indian Institute of Public Administration Indian Institute of Public Administration 1993-09-13 R I5372064 Au34 50717 2018-07-21 2018-07-21 Book

Powered by Koha